000 00250 a2200121 4500
020 _a9780375858604
020 _a9780307982421
041 _aspa
100 _aJulia Sarcone
245 _aEl oso se comio tu sandwich
942 _cBK
999 _c29278
_d29276
999 _d29276